000 00339nam a22001457a 4500
003 OSt
005 20160727222405.0
008 160623b xxu||||| |||| 00| 0 eng d
040 _cTEST
100 _9832
_aBoom's, C. T
245 _aPrison Letters
260 _aN.J
_bFleming H. Revellrom
_c1975
300 _aPrison Letters
942 _2ddc
_cBK
999 _c660
_d660